[Event "Vimercate op 5th"]
[Site "Vimercate"]
[Date "2011.11.27"]
[Round "5"]
[White "Colombo, Luca"]
[Black "Altieri, Alberto"]
[Result "0-1"]
[WhiteElo "1884"]
[BlackElo "1573"]
[PlyCount "124"]
[EventDate "2011.11.25"]
[EventType "swiss"]
[EventRounds "5"]
[EventCountry "ITA"]
[SourceTitle "EXT 2014"]
[Source "ChessBase"]
[SourceDate "2013.11.20"]
[SourceVersion "1"]
[SourceVersionDate "2013.11.20"]
[SourceQuality "1"]

1. e4 c6 2. d4 d5 3. Nc3 e6 4. e5 c5 5. Nf3 Qb6 6. Na4 Qa5+ 7. Nc3 Nc6 8. Bb5 Bd7 9. Bxc6 bxc6 10. Bd2 Qb6 11. Na4 Qb5 12. b3 cxd4 13. Nxd4 Qa6 14. Ne2 c5 15. Nac3 Ne7 16. 0-0 Ng6 17. f4 c4 18. Be3 Bb4 19. Bd4 Rc8 20. f5 exf5 21. Nxd5 Bc5 22. Bxc5 Rxc5 23. b4 Rc8 24. Qd4 0-0 25. Ndf4 Rfe8 26. Nxg6 Qxg6 27. Nf4 Qc6 28. Rfd1 Rc7 29. Kh1 Qe4 30. Qd2 c3 31. Qf2 Bc6 32. Rab1 Rce7 33. b5 Bb7 34. Nd3 Qg4 35. Re1 Be4 36. Rb4 Qg6 37. Nf4 Qh6 38. b6 axb6 39. Rxb6 Qg5 40. h4 Qg4 41. e6 fxe6 42. Re2 e5 43. Nd3 Bd5 44. Nb4 Bc4 45. Re3 e4 46. Rxc3 e3 47. Qe1 e2 48. Rd6 Re3 49. Rxe3 Rxe3 50. Nd5 Bxd5 51. Rxd5 f4 52. Rg5 Qe6 53. Kh2 Qxa2 54. Rf5 Re4 55. Rc5 Qe6 56. Rg5 h6 57. Ra5 Qg4 58. Ra1 Re3 59. c4 Rg3 60. Ra8+ Kf7 61. Ra7+ Kg6 62. Qb1+ Kh5 0-1

[Event "Vimercate op 5th"]
[Site "Vimercate"]
[Date "2011.11.26"]
[Round "2"]
[White "Ranfagni, Stefano"]
[Black "Altieri, Alberto"]
[Result "1-0"]
[WhiteElo "1998"]
[BlackElo "1573"]
[PlyCount "45"]
[EventDate "2011.11.25"]
[EventType "swiss"]
[EventRounds "5"]
[EventCountry "ITA"]
[SourceTitle "EXT 2014"]
[Source "ChessBase"]
[SourceDate "2013.11.20"]
[SourceVersion "1"]
[SourceVersionDate "2013.11.20"]
[SourceQuality "1"]

1. e4 c6 2. c4 Nf6 3. Nc3 d5 4. e5 d4 5. exf6 dxc3 6. fxg7 cxd2+ 7. Bxd2 Bxg7 8. Qc2 Qb6 9. Bc3 Bxc3+ 10. Qxc3 Rg8 11. Bd3 Nd7 12. g3 Nf6 13. c5 Qc7 14. 0-0-0 Be6 15. Ne2 Bd5 16. Rhe1 0-0-0 17. Nf4 Bf3 18. Bf5+ e6 19. Nxe6 Rxd1+ 20. Rxd1 Qe7 21. Nd4+ Kb8 22. Nxf3 Ne4 23. Qe5+ 1-0